[Event "Mittelrhein Verbandsliga-N 18/19"]
[Site "Nordrheinwestfalen"]
[Date "2018.09.02"]
[Round "1.4"]
[White "Hoffmann, Frank"]
[Black "Schott, Helmut"]
[Result "0-1"]
[WhiteElo "1770"]
[BlackElo "1700"]
[PlyCount "132"]
[EventDate "2018.09.02"]
[EventType "team-tourn"]
[EventRounds "12"]
[EventCountry "GER"]
[SourceTitle "EXT 2022"]
[Source "ChessBase"]
[SourceDate "2021.10.06"]
[SourceVersion "1"]
[SourceVersionDate "2021.10.06"]
[SourceQuality "1"]
[WhiteTeam "Hitdorf SV Springer"]
[BlackTeam "Dormagen SV"]
[WhiteTeamCountry "GER"]
[BlackTeamCountry "GER"]

1. e4 e6 2. d4 d5 3. Bd3 Nf6 4. e5 Nfd7 5. f4 c5 6. c3 g6 7. Nf3 Nc6 8. a4 c4 9. Be2 a5 10. 0-0 b6 11. b3 cxb3 12. Qxb3 Ba6 13. Bxa6 Rxa6 14. Na3 Na7 15. Bb2 Be7 16. c4 dxc4 17. Qxc4 Qc8 18. Rac1 0-0 19. Qd3 Qb7 20. Rc2 Rc8 21. Rfc1 Rxc2 22. Qxc2 Bd8 23. Nd2 Kf8 24. Ne4 Be7 25. Nc3 Nc6 26. Ncb5 Ndb8 27. Qc4 Qd7 28. Kf2 Ke8 29. Rd1 Kf8 30. Nc2 Nb4 31. Ne3 Qc6 32. Qb3 Qe4 33. g3 N8c6 34. d5 exd5 35. Nc7 d4 36. Nxa6 Qxe3+ 37. Qxe3 dxe3+ 38. Kxe3 Nxa6 39. Ke4 Ke8 40. Kd5 Ncb4+ 41. Kc4 Bc5 42. g4 Ke7 43. Bd4 h6 44. Bxc5+ Nxc5 45. Kb5 Nd7 46. Rd6 g5 47. f5 Nxe5 48. Rxh6 Nxg4 49. Rxb6 Nd5 50. Rb7+ Kf6 51. Kxa5 Nxh2 52. Rb2 Nf3 53. Kb5 Nc3+ 54. Kb4 Nxa4 55. Kxa4 Kxf5 56. Kb4 Kf4 57. Kc3 f5 58. Kd3 g4 59. Rb4+ Kg3 60. Ke3 Nh4 61. Rb3 f4+ 62. Ke2+ f3+ 63. Kf1 Ng2 64. Ra3 Nf4 65. Rb3 Ne2 66. Ra3 Kh2 0-1

[Event "Mittelrhein Verbandsliga-N 17/18"]
[Site "Nordrheinwestfalen"]
[Date "2018.04.15"]
[Round "10.4"]
[White "Hoffmann, Frank"]
[Black "Wirtz, Uwe"]
[Result "1/2-1/2"]
[WhiteElo "1796"]
[BlackElo "1861"]
[PlyCount "51"]
[EventDate "2017.09.10"]
[EventType "team-swiss"]
[EventRounds "11"]
[EventCountry "GER"]
[SourceTitle "EXT 2022"]
[Source "ChessBase"]
[SourceDate "2021.10.06"]
[SourceVersion "1"]
[SourceVersionDate "2021.10.06"]
[SourceQuality "1"]
[WhiteTeam "Hitdorf SV Springer"]
[BlackTeam "Leverkusen Koenigsspringer"]
[WhiteTeamCountry "GER"]
[BlackTeamCountry "GER"]

1. e4 Nf6 2. Nc3 d5 3. exd5 Nxd5 4. Nxd5 Qxd5 5. Nf3 Bf5 6. d3 Nc6 7. Be2 e5 8. 0-0 0-0-0 9. Be3 f6 10. Nh4 Be6 11. Bf3 Qd7 12. g3 g5 13. Ng2 Nd4 14. Bxd4 exd4 15. Be2 Bd6 16. f4 h5 17. Bxh5 Qh7 18. g4 Bd5 19. fxg5 fxg5 20. Qd2 Bxg2 21. Qxg2 Bf4 22. Rae1 Qd7 23. h3 Qd6 24. Re2 Rhf8 25. Ree1 Rf6 26. Kh1 1/2-1/2

[Event "Mittelrhein Verbandsliga-N 17/18"]
[Site "Nordrheinwestfalen"]
[Date "2017.09.10"]
[Round "1.4"]
[White "Hoffmann, Frank"]
[Black "Hoerchens, Joern"]
[Result "0-1"]
[WhiteElo "1796"]
[BlackElo "1826"]
[PlyCount "92"]
[EventDate "2017.09.10"]
[EventType "team-swiss"]
[EventRounds "11"]
[EventCountry "GER"]
[SourceTitle "EXT 2022"]
[Source "ChessBase"]
[SourceDate "2021.10.06"]
[SourceVersion "1"]
[SourceVersionDate "2021.10.06"]
[SourceQuality "1"]
[WhiteTeam "Hitdorf SV Springer"]
[BlackTeam "Dormagen SV"]
[WhiteTeamCountry "GER"]
[BlackTeamCountry "GER"]

1. e4 d6 2. d4 Nf6 3. Nc3 g6 4. Nf3 Bg7 5. Be2 0-0 6. 0-0 Nbd7 7. h3 e5 8. dxe5 dxe5 9. Be3 c6 10. Qd2 Qe7 11. Rad1 Re8 12. Bg5 Nc5 13. Bxf6 Bxf6 14. Qd6 Qxd6 15. Rxd6 Kg7 16. Rfd1 Ne6 17. R6d2 Nd4 18. Bf1 Be6 19. Ne2 Nxf3+ 20. gxf3 Rad8 21. Rxd8 Rxd8 22. Rxd8 Bxd8 23. b3 f5 24. Nc1 Kf6 25. Kg2 Kg5 26. Nd3 Bc7 27. Nc5 Bc8 28. Bc4 Kf6 29. a4 a5 30. Nd3 Bd6 31. Nc1 Bd7 32. Bd3 b5 33. c3 bxa4 34. bxa4 Be6 35. c4 f4 36. Nb3 Bb4 37. Na1 Kg5 38. Nc2 Bc5 39. Na1 Kh4 40. Bf1 Bxh3+ 41. Kg1 Bxf1 42. Kxf1 Kh3 43. Nb3 Bb4 44. Nc1 g5 45. Nd3 Bc3 46. Nc5 h5 0-1

[Event "BdF-Diamant 08 email"]
[Site "GER email"]
[Date "2017.06.26"]
[Round "?"]
[White "Boehnke, Hartmut"]
[Black "Hoffmann, Frank"]
[Result "1/2-1/2"]
[WhiteElo "2304"]
[BlackElo "2298"]
[PlyCount "70"]
[EventDate "2017.??.??"]
[EventType "tourn (corr)"]
[EventRounds "10"]
[EventCountry "GER"]
[SourceTitle "Corr 2020"]
[Source "ChessBase"]
[SourceDate "2019.09.30"]
[SourceVersion "1"]
[SourceVersionDate "2019.09.30"]
[SourceQuality "1"]

1. e4 c5 2. Nf3 Nc6 3. d4 cxd4 4. Nxd4 Nf6 5. Nc3 e5 6. Ndb5 d6 7. Bg5 a6 8. Na3 b5 9. Nd5 Be7 10. Bxf6 Bxf6 11. c3 0-0 12. Nc2 Bg5 13. a4 bxa4 14. Rxa4 a5 15. Bc4 Bd7 16. Nce3 Ne7 17. Ra2 Nxd5 18. Nxd5 a4 19. 0-0 Rb8 20. Bd3 g6 21. Qe2 Qc8 22. Nb4 Kg7 23. Rfa1 Bd8 24. Bc2 Bb6 25. Nd5 Qb7 26. Bxa4 Be6 27. b4 Bxd5 28. exd5 Qxd5 29. Rd1 Qe6 30. Bc6 h5 31. c4 Bd4 32. Bd5 Qg4 33. b5 f5 34. Kh1 Bc5 35. Qd2 Kf6 1/2-1/2

[Event "BdF-Diamant 08 email"]
[Site "GER email"]
[Date "2017.06.26"]
[Round "?"]
[White "Hoffmann, Frank"]
[Black "Salzmann, Stefan"]
[Result "1/2-1/2"]
[WhiteElo "2298"]
[BlackElo "2310"]
[PlyCount "76"]
[EventDate "2017.??.??"]
[EventType "tourn (corr)"]
[EventRounds "10"]
[EventCountry "GER"]
[SourceTitle "Corr 2020"]
[Source "ChessBase"]
[SourceDate "2019.09.30"]
[SourceVersion "1"]
[SourceVersionDate "2019.09.30"]
[SourceQuality "1"]

1. e4 c5 2. Nc3 Nc6 3. Nf3 d6 4. d4 cxd4 5. Nxd4 Nf6 6. Bg5 e6 7. Qd2 a6 8. 0-0-0 h6 9. Nxc6 bxc6 10. Bf4 d5 11. Qe3 Bb4 12. Be2 0-0 13. e5 Nh7 14. a3 Be7 15. h4 c5 16. Bxh6 gxh6 17. Qxh6 Qc7 18. Bd3 f5 19. g4 Qxe5 20. gxf5 Bd6 21. Rhg1+ Kh8 22. Kb1 Ra7 23. Rde1 Qf4 24. Qg6 Nf6 25. Rg5 c4 26. Nxd5 exd5 27. Re8 Qe5 28. Rxe5 Bxe5 29. Qh6+ Nh7 30. f6 Rxf6 31. Qh5 cxd3 32. Qe8+ Nf8 33. Qxe5 dxc2+ 34. Kxc2 Raf7 35. Kb1 Kh7 36. Rh5+ Kg8 37. Rg5+ Kh7 38. Rh5+ Kg8 1/2-1/2

[Event "BdF-Diamant 08 email"]
[Site "GER email"]
[Date "2017.06.26"]
[Round "?"]
[White "Molzahn, Norbert"]
[Black "Hoffmann, Frank"]
[Result "1/2-1/2"]
[WhiteElo "2300"]
[BlackElo "2298"]
[PlyCount "87"]
[EventDate "2017.??.??"]
[EventType "tourn (corr)"]
[EventRounds "10"]
[EventCountry "GER"]
[SourceTitle "Corr 2020"]
[Source "ChessBase"]
[SourceDate "2019.09.30"]
[SourceVersion "1"]
[SourceVersionDate "2019.09.30"]
[SourceQuality "1"]

1. d4 f5 2. c4 Nf6 3. Nc3 d6 4. Nf3 g6 5. g3 Bg7 6. Bg2 0-0 7. 0-0 c6 8. Bf4 Na6 9. Qd2 Nc7 10. Bh6 Bxh6 11. Qxh6 Rb8 12. Rfd1 b5 13. cxb5 Nxb5 14. Nxb5 Ng4 15. Qc1 cxb5 16. h3 Nf6 17. d5 Bd7 18. Qe3 Qb6 19. Nd4 Rbc8 20. Rac1 Rc4 21. b3 Rxc1 22. Rxc1 Kf7 23. b4 Ra8 24. Qd2 a5 25. a3 axb4 26. axb4 Qa6 27. Nc6 Qa2 28. Qe3 Ng8 29. Bf3 Ra3 30. Qb6 Nf6 31. Qxb5 g5 32. Qb7 Qb2 33. Rf1 g4 34. hxg4 fxg4 35. Bg2 Rb3 36. Qa8 Qc3 37. Qa1 Qxa1 38. Rxa1 Rb2 39. e3 h5 40. e4 Kf8 41. Ra8+ Be8 42. Ra7 Rb1+ 43. Kh2 Bd7 44. Ra8+ 1/2-1/2